| 000 | 00434nam a22001577a 4500 | ||
|---|---|---|---|
| 999 |
_c61109 _d61109 |
||
| 005 | 20231220113021.0 | ||
| 008 | 231220s977 ru ||||| |||| 00| 0 rus d | ||
| 041 | _arus | ||
| 080 | _a1(092) H-54 | ||
| 100 |
_aНерсесянц, В. С. _920801 |
||
| 245 |
_aСократ / _cВ.С. Нерсесянц. |
||
| 264 |
_aМ.: _bНаука, _c1977. |
||
| 300 |
_a152 с. _b20 см. |
||
| 653 | _aსოკრატე | ||
| 942 |
_2udc _cBK |
||